Disney. Lettre G - Statistiques

Statistiques générales
  • Ce quiz a été pris 403 fois
  • Le résultat moyen est 14 sur 20
Statistiques - réponses
Question Réponses % Correct
Papa de Pinocchio Geppetto
97%
Couleur du pelage du Clochard Gris
96%
Ce qui sort de la lampe Génie
95%
Espèce de singes avec lesquels a été élevé Tarzan Gorille
95%
Pays où se déroule l'action d'Hercule Grèce
93%
Instrument de musique de Prédilection de Miguel Guitare
93%
Ce que porte Elsa pour se protéger de ses pouvoirs Gants
91%
Nain qui fait souvent la tête Grincheux
91%
Nom du méchant dans " La belle et la Bête " Gaston
88%
Défaut principal de Winnie l'ourson Gourmand
87%
Un princesse disney est changé en cet animal Grenouille
87%
Sorcière qui a kidnappé Raiponce : Mère Gothel
71%
Retrouvez le mot qui manque dans cette chanson des Aristochats : " ........ et Arpèges " Gammes
68%
Espèce animale d'Eurêka dans La petite Sirène Goéland
67%
Espèce animale d'un receptionniste fana de beignets dans Zootopie Guépard
57%
Nom du restaurant dans Ratatouille Gusteau
48%
La volière, La rocaille, La muraille Gargouilles
37%
Fillette attachante et intrépide amie de Luca Giulia
25%
Chienne caniche qui ne supporte pa le chaton Oliver Georgette
22%
Prénom d'un personnage des Nouveau Héros accroc à l'adrénaline Gogo
15%
Aucun quiz correspondant
Distribution des résultats
% des personnes avec chaque résultat
Percentile par nombre de réponses
Votre historique - résultats
Vous n’avez pas pris ce quiz